Between Public and Private Law The Foundations of the Regulation of the Hungarian Cartel Law of 1931 /

Elmentve itt :
Bibliográfiai részletek
Szerző: Varga Norbert
Dokumentumtípus: Cikk
Megjelent: 2021
Sorozat:JOGTÖRTÉNETI SZEMLE 19 No. Special issue
Tárgyszavak:
mtmt:32663167
Online Access:http://publicatio.bibl.u-szeged.hu/23720
LEADER 00688nab a2200193 i 4500
001 publ23720
005 20220223085920.0
008 220223s2021 hu o 0|| Angol d
022 |a 0237-7284 
024 7 |a 32663167  |2 mtmt 
040 |a SZTE Publicatio Repozitórium  |b hun 
041 |a Angol 
100 1 |a Varga Norbert 
245 1 0 |a Between Public and Private Law  |h [elektronikus dokumentum] :  |b The Foundations of the Regulation of the Hungarian Cartel Law of 1931 /  |c  Varga Norbert 
260 |c 2021 
300 |a 62-71 
490 0 |a JOGTÖRTÉNETI SZEMLE  |v 19 No. Special issue 
650 4 |a Jogtudomány 
856 4 0 |u http://publicatio.bibl.u-szeged.hu/23720/1/jogtort-study.pdf  |z Dokumentum-elérés